LEADER 01555nam0 2200361 i 450 001 SUN0133293 005 20210416120157.226 010 $d0.00 017 70$2N$a978-94-007-7205-2 100 $a20210408d2014 |0engc50 ba 101 $aeng 102 $aNL 105 $a|||| ||||| 200 1 $a*Dynamics of Complex Quantum Systems$fVladimir M. Akulin 205 $a2. ed 210 $aDordrecht$cSpringer$d2014 215 $axiv, 677 p.$cill.$d24 cm 410 1$1001SUN0065528$12001 $a*Theoretical and mathematical physics$1210 $aBerlin$cSpringer$d2006-. 606 $a81-XX$xQuantum theory [MSC 2020]$2MF$3SUNC019967 606 $a81V55$xMolecular physics [MSC 2020]$2MF$3SUNC023279 606 $a81V80$xQuantum optics [MSC 2020]$2MF$3SUNC023592 606 $a81P40$xQuantum coherence, entanglement, quantum correlations [MSC 2020]$2MF$3SUNC033805 606 $a81S22$xOpen systems, reduced dynamics, master equations, decoherence [MSC 2020]$2MF$3SUNC035636 606 $a81Q93$xQuantum control [MSC 2020]$2MF$3SUNC035637 620 $aNL$dDordrecht$3SUNL000068 700 1$aAkulin$b, Vladimir M.$3SUNV107047$0625737 712 $aSpringer$3SUNV000178$4650 801 $aIT$bSOL$c20210426$gRICA 856 4 $uhttp://doi.org/10.1007/978-94-007-7205-2 912 $aSUN0133293 950 $aUFFICIO DI BIBLIOTECA DEL DIPARTIMENTO DI MATEMATICA E FISICA$d08CONS e-book 2201 $e08eMF2201 20210408 996 $aDynamics of Complex Quantum Systems$91770927 997 $aUNICAMPANIA LEADER 02302nam 22004933a 450 001 9910346669303321 005 20250203235429.0 010 $a9783038974802 010 $a3038974803 024 8 $a10.3390/books978-3-03897-480-2 035 $a(CKB)4920000000094974 035 $a(oapen)https://directory.doabooks.org/handle/20.500.12854/59053 035 $a(ScCtBLL)a19c4f32-bc55-4c16-9b0f-d6f18acafc6a 035 $a(OCoLC)1163854851 035 $a(oapen)doab59053 035 $a(EXLCZ)994920000000094974 100 $a20250203i20182019 uu 101 0 $aeng 135 $aurmn|---annan 181 $ctxt$2rdacontent 182 $cc$2rdamedia 183 $acr$2rdacarrier 200 00$aSea Surface Temperature Retrievals from Remote Sensing$fXiaofeng Li, Jorge Vazquez 210 $cMDPI - Multidisciplinary Digital Publishing Institute$d2019 210 1$aBasel, Switzerland :$cMDPI,$d2018. 215 $a1 electronic resource (340 p.) 311 08$a9783038974796 311 08$a303897479X 330 $aThis book covers topics ranging from a detailed error analysis of SSTs to new applications employed, for example, in the study of the El Niņo-La Niņa Southern Oscillation, lake temperatures, and coral bleaching. New techniques for interpolation and algorithm development are presented, including improvements for cloud detection. Analysis of the pixel-to-pixel uncertainties provides insight to applications for high spatial resolutions. New approaches for the estimation and evaluation of SSTs are presented. In addition, an overview of the Climate Change Initiative, with specific applications to SST, is presented. The book provides an excellent overview of the current technology, while also highlighting new technologies and their applications to new missions. 606 $aChemistry$2bicssc 610 $aInfrared 610 $aMicrowave 610 $aSea Surface Temperature 610 $aClimate Data Records 610 $aGroup for High Resolution Sea Surface Temperature 615 7$aChemistry 700 $aLi$b Xiaofeng$01324889 702 $aVazquez$b Jorge 801 0$bScCtBLL 801 1$bScCtBLL 906 $aBOOK 912 $a9910346669303321 996 $aSea Surface Temperature Retrievals from Remote Sensing$94318525 997 $aUNINA